00976nam a2200205 i 45000010005000000030009000050050017000140080041000310800019000722450251000912600051003423000022003935000028004156100047004437100074004907100047005648520022006119990015006339520122006486153ES-MaACL20230906144819.0890821s1988 sp ||||1| spa d a342.565.2(460)10aTítulo noveno de la Constitución española, Ley Orgánica, normas complementarias, acuerdos y otras disposiciones referentes al Tribunal Constitucional : bpublicadas por el Boletín Oficial del Estado en Madrid hasta junio de MCMLXXXVIII. aMadrid : b[Tribunal Constitucional], c[1988] a143 p. ; c24 cm. aCuadros estadísticos.1 aEspaña. bTribunal Constitucional.940011 aEspaña. tLey Orgánica del Tribunal Constitucional, 1979.91738491 aEspaña. bTribunal Constitucional.940014 aES-MaACLjL-13359 c6153d6153 00104070aATENEOMbATENEOMcDEPO2d2008-01-17eSCl0oL-13359p1006262r2023-02-23 00:00:00w2023-02-23yMONOGRAFIA